Les Altres xifres del RE SET : Re!Set : reflexió estratègica 07 [Recurs electrònic] Re!Set :
Descripción Física:
1 disc òptic [DVD] ; 12 cm
Materias:
Re Set
MARC
| LEADER | 00000nam a2200000Ia 4500 | ||
|---|---|---|---|
| 001 | 18259 | ||
| 008 | 160829s2006 xx 000 0 cat d | ||
| 080 | |a CD-1-68 | ||
| 245 | |a Les Altres xifres del RE SET : |b Re!Set : |b reflexió estratègica 07 [Recurs electrònic] | ||
| 260 | |a Barcelona : |b Diputació de Barcelona, |c 2006 | ||
| 300 | |a 1 disc òptic [DVD] ; |c 12 cm | ||
| 590 | |a A la portada: 30 de novembre de 2006 | ||
| 610 | 2 | 0 | |a Re Set |9 55221 |
| 710 | 1 | |a Barcelona (Catalunya : Província). |b Diputació |9 52408 | |
| 901 | |a Arxiu | ||
| 942 | |n 1 | ||
| 952 | |0 0 |1 0 |4 0 |6 CD168 |7 1 |9 45027 |a Arxiu |b Arxiu |d 2016-12-01 |l 0 |o CD-1-68 |p 18259 |r 2016-12-01 00:00:00 |w 2016-12-01 |y ARXIU | ||
| 999 | |c 47647 |d 47647 | ||